00923nam a2200217 a 450000100100000000500170001000800410002702000180006804000250008610000370011124000240014824501670017226000410033930000210038070000300040170000370043104900090046895201050047795201060058299900170068800003438620200930073654.0111004s2001 es 000 0 spa d a84-7953-448-6 aDO-SdBNPbspacBNPHU1 aLundin, Stephen C.d1941-95980610aTít. orig.: Fish!10aFish :bla eficacia de un equipo radica en su capacidad de motivación /cStephen C. Lundin, Harry Paul y John Christensen ; traducción: Mila Martínez Giner. aBarcelona :bEdiciones Urano,c2001. a122 p. ;c22 cm.1 aPaul, Harryd1950-9598071 aChristensen, John,d1959-959808 aBNPD 001050718MOaGRbGRcHDd2011-10-04iLF1l0o p34386-10r2020-06-25w2020-06-25y1ZNo se presta 0010507-18MOaGRbGRcOId2011-10-04iLF1l0o p34387-10r2020-06-25w2020-06-25y1ZNo se presta c33877d33877